| 000 | 00566nam a22001937a 4500 | ||
|---|---|---|---|
| 003 | OSt | ||
| 005 | 20140310182207.0 | ||
| 008 | 130904t xxu||||| |||| 00| 0 eng d | ||
| 050 |
_aBV 210.2 _b.G795 1977 |
||
| 082 |
_aHS 242.722 _bG82 1977 |
||
| 100 |
_aGreen, Thomas H. (Thomas Henry), _d1932- _916554 |
||
| 245 |
_aOpening to God : _ba guide to prayer / _cThomas H. Green. |
||
| 260 |
_aMakati : _bSt Paul Publications, _cc1977. |
||
| 300 |
_a110 p. : _c20 cm. |
||
| 541 | _j1 | ||
| 562 | _e1 | ||
| 650 |
_a Bible prayers _916555 |
||
| 942 |
_2lcc _cHS |
||
| 999 |
_c10367 _d10367 |
||